LDR 00645naa#a2200181#i#450# 001 EN\\bibl\120473 005 20260426101515.7 011 ## _a2782-4586 100 ## _a20260331b2026####ek#y0engy0150####ca 102 ## _aRU 200 1# _aQualitative and quantitative methods for studying social satisfaction among the population _eJournal article 210 1# _aMoscow _cITBO University _d2026 215 ## _a4 с. 608 ## _aJournal article _2local 675 ## _aЭкономические науки в целом. Политическая экономия. 330 _z 700 #1 _aKornilova _gEkaterina Vasil'evna 700 #1 _aKustova _gMarina Nikolaevna 856 4# _ajomeam.ru _u